Owls and Nightjars of North America - Statistics

General Stats
  • This quiz has been taken 17 times
  • The average score is 12 of 27
Answer Stats
Picture Answer % Correct
Barn Owl
100%
Great Horned Owl
89%
Snowy Owl
89%
Burrowing Owl
67%
Great Gray Owl
67%
Barred Owl
56%
Long-Eared Owl
56%
Short-Eared Owl
56%
Common Nighthawk
44%
Eastern Screech-Owl
44%
Elf Owl
44%
Northern Saw-Whet Owl
44%
Western Screech-Owl
44%
Boreal Owl
33%
Eastern Whip-Poor-Will
33%
Flammulated Owl
33%
Northern Hawk Owl
33%
Spotted Owl
33%
Whiskered Screech-Owl
33%
Antillean Nighthawk
22%
Chuck-Will's-Widow
22%
Common Poorwill
22%
Ferruginous Pygmy-Owl
22%
Lesser Nighthawk
22%
Northern Pygmy-Owl
22%
Buff-Collared Nightjar
11%
Common Pauraque
11%
No matching quizzes found
Score Distribution
Percent of People with Each Score
Percentile by Number Answered
Your Score History
You have not taken this quiz